Statistics for Most Populated Cities in Guangxi Province by Picture

Click here to take the quiz!

General Stats

  • This quiz has been taken 2 times
  • The average score is 7 of 9

Answer Stats

Answer% Correct
Beihai
100%
Guilin
100%
Liuzhou
100%
Nanning
100%
Yulin
100%
Guigang
50%
Qinzhou
50%
Wuzhou
50%
Guiping
0%

Score Distribution

Percentile by Number Answered

Percent of People with Each Score

Your Score History

You have not taken this quiz